00786nam a2200217 i 4500001000300000003000400003005001700007008003900024015001700063020001500080040001400095080001900109100003500128245007200163260006700235300003300302504003600335655004000371710005900411856009800470bgBPK20191122083042.0150520s1984 pl a f 001 1 pol aPB 1984/5649 a830401422X aWA NcBPK a87(091)"05/14"1 aJurewicz, Oktawiuszd(1926- ).10aHistoria literatury bizantyńskiej :bzarys /cOktawiusz Jurewicz. aWrocław [etc.] :bZakład Narodowy im. Ossolińskich,c1984. a354, [1] s. :bil. ;c21 cm. aBibliogr. s. [331]-337. Indeks. 4aLiteratura bizantyńskaxhistoria.2 aZakład Narodowy im. OssolińskichbWydawnictwo4pbl. uhttp://koha.tu.koszalin.pl/cgi-bin/koha/opac-detail.pl?biblionumber=22805yKatalog online BPK